Kaifiya, Urdu Zaban Ki Mukhtasar Tarikh Aur Uski Insha Aur Imla Vaghaira Ka (Record no. 9155)

MARC details
000 -LEADER
fixed length control field 00647nam a2200241 a 4500
020 ## - INTERNATIONAL STANDARD BOOK NUMBER
ISBN
082 00 - DEWEY DECIMAL CLASSIFICATION NUMBER
Classification number 491.44
Author Cutter KAI
100 ## - MAIN ENTRY--AUTHOR NAME
Author name Kaifi, B M Datatariya
245 ## - TITLE STATEMENT
Title Kaifiya, Urdu Zaban Ki Mukhtasar Tarikh Aur Uski Insha Aur Imla Vaghaira Ka
260 ## - PUBLICATION, DISTRIBUTION, ETC. (IMPRINT)
Place of publication Delhi
Name of publisher Anjuman Taraqqi-E-Urdu
Year of publication 1975
300 ## - PHYSICAL DESCRIPTION
Number of Pages 296p
500 ## - GENERAL NOTE
General note includes index and biblioraphy
505 2# - FORMATTED CONTENTS NOTE
Formatted contents note Bibliography, Index
650 ## - SUBJECT ADDED ENTRY--TOPICAL TERM
Topical Term Urdu-Grammar
942 ## - ADDED ENTRY ELEMENTS (KOHA)
Koha item type Books
700 1# -
-- Kaifi, B M Datatariya
Holdings
Collection code Home library Current library Date acquired Cost, normal purchase price Full call number Accession Number Koha item type
  Henry Martyn Institute Library Henry Martyn Institute Library 06/08/2007 14.00 491.44 KAI 011595 Books
                   Copyright © 2026 | Henry Martyn Institute | Hyderabad | TS-500052 | INDIA | Implemented by hmi.edu.in
Hit-Count:

Powered by Koha